000 00827nam a2200217 i 4500
001 113996
003 ES-MaACL
005 20250903011159.0
007 t|
008 061121s1949 sp r ||||1| spa d
100 1 _aPalmer, Claude Irwin.
_988630
245 1 0 _aMatemáticas elementales
_b: [nociones de aritmética, geometría, álgebra y trigonometría estudiadas por uno mismo] /
_cClaude Irwin Palmer y Samuel Fletcher Bibb ; [versión española de la 3ª edicioón inglesa].
260 _aBarcelona :
_bReverté,
_c1949.
300 _aVIII, 183 p. :
_bil. ;
_c19 cm.
500 _aEs el v. I: Aritmética.
650 0 7 _aMatemáticas
_2embne
_914814
700 1 _aFletcher Bibb, Samuel.
_951191
852 _aES-MaACL
_jE-985
_bR.26823
852 _aES-MaACL
_jB-12875
_bR.26994
999 _c113996
_d113996